El cultivo de los sorgos en la argentina /

Guardado en:
Autor Principal: Parodi, Ricardo A
Formato: Libro
Publicado: Buenos Aires : Hemisferio Sur, 1986
Materias:
Etiquetas: Agregar Etiqueta
Sin Etiquetas, Sea el primero en etiquetar este registro!
LEADER 00665nam a22002175a 4500
001 CEM.cems016719
005 20110629164144.0
008 130507s1986##################000#0#####d
003 CEMS
082 0 4 |a 633.1 
100 1 |a Parodi, Ricardo A 
245 1 0 |a El cultivo de los sorgos en la argentina /  |c Ricardo A Parodi, 
260 |a Buenos Aires :  |b Hemisferio Sur,  |c 1986 
300 |a 200 p. 
653 |a Sorgo 
653 |a Sorgo-cultivo 
653 |a Sorgo granífero 
653 |a Sorgo forrajero 
653 |a Sorgo de escobas 
859 |a CEMS  |b BIB. CEMS - Agricultura  |h 633.1  |i P244  |p A18189.95  |t Ej.1 
859 |a CEMS  |b BIB. CEMS - Agricultura  |h 633.1  |i P244  |p A18190.95  |t Ej.2